Statistiques concernant Les Simpson - Vrai ou Faux (personnages morts)

Cliquez ici pour prendre le quiz!

Statistiques générales

  • Ce quiz a été pris 154 fois
  • Le résultat moyen est 14 sur 20

Statistiques - réponses

QuestionRéponse% Correct
Abraham Simpson est encore en vieVrai
95%
Maude Flanders est encore en vieFaux
93%
Krusty le clown est encore en vieVrai
92%
La folle aux chats est encore en vieVrai
87%
Agnès Skinner est encore en vieVrai
82%
Jebediah Springfield est encore en vieFaux
81%
Frank Grimes est encore en vieFaux
81%
Gencives Sanglantes est encore en vieFaux
80%
Rainier Wolfcastle est encore en vieVrai
75%
Gary Chalmers est encore en vieVrai
73%
Drederick Tatum est encore en vieVrai
72%
Boule de Neige II est encore en vieFaux
71%
Troy McClure est encore en vieVrai
69%
Mona Simpson est encore en vieFaux
68%
Jasper est encore en vieVrai
65%
Edna Krapabelle est encore en vieFaux
57%
Herbert Powell est encore en vieVrai
57%
Gros Tony est encore en vieFaux
56%
Shary Bobbins est encore en vieFaux
49%
Lucille Botzkowski est encore en vieVrai
38%

Distribution des résultats

Percentile par nombre de réponses

% des personnes avec chaque résultat

Votre développement - résultats

Vous n’avez pas pris ce quiz